The metres of the Greeks and Romans : a manual for schools and private study /

Saved in:
Bibliographic Details
Main Author: Munk, Eduard, 1803-1871.
Format: Book
Language:English
Published: Boston : J. Munroe, 1844.
Subjects:
Tags: Add Tag
No Tags, Be the first to tag this record!
LEADER 00833cam a2200229Ia 4500
001 006113365-5
005 20020606163548.3
008 810811s1844 mau b 001 0 eng d
035 0 |a ocm07657977 
040 |a AKR  |c AKR  |d OCL  |d HLS 
041 1 |a engger 
090 |a PA186  |b .M813 1844 
100 1 |a Munk, Eduard,  |d 1803-1871. 
245 1 4 |a The metres of the Greeks and Romans :  |b a manual for schools and private study /  |c Edward Munk ; translated from the German by Charles Beck and C.C. Felton. 
260 |a Boston :  |b J. Munroe,  |c 1844. 
300 |a xvi, 349 p. ;  |c 21 cm. 
500 |a Translation of Die Metrik der Griechen und Römer. 
504 |a Includes bibliographical references and index. 
650 0 |a Greek language  |x Metrics and rhythmics. 
650 0 |a Latin language  |x Metrics and rhythmics. 
988 |a 20020608 
906 |0 OCLC